| 000 | 00777nam a22002417a 4500 | ||
|---|---|---|---|
| 999 |
_c14206 _d14206 |
||
| 003 | AR-CdUCM | ||
| 008 | 190422b ||||| |||| 00| 0 spa d | ||
| 040 |
_aMUNICIPALIDAD PROVINCIAL DEL CUSCO _cBIBLIOTECA MUNICIPAL DEL CUSCO |
||
| 041 | _heng. | ||
| 082 |
_aPI / 803.08 / _bP51 |
||
| 110 |
_aDisney Enterprises Inc. _932740 |
||
| 245 |
_aDisney Minnie : _bLas vacaciones de Minnie / |
||
| 260 |
_aMexico : _bPhidal Publishing,Inc, _c2015. |
||
| 300 |
_bIlustraciones, _c19 cm |
||
| 440 |
_aSilver Dolphin _932801 |
||
| 500 | _aLibro sin numeración | ||
| 650 |
_aLiteratura infantil _9588 |
||
| 650 |
_aCuento _94671 |
||
| 700 |
_aElizabeth Puente Montelongo (traductor) _932889 |
||
| 710 |
_aDisney Junior _932874 |
||
| 942 |
_2ddc _cLIBROS |
||
| 945 |
_arjall _d2019-04-22 |
||